Statistics for Countries Closest to Brasília - One Minute Sprint

Click here to take the quiz!

General Stats

  • This quiz has been taken 52 times
  • The average score is 14 of 20

Answer Stats

kmcountrymiles% Correct
1259Argentina782
98%
1835Uruguay1140
98%
2159Chile1341
95%
2629Venezuela1633
95%
2737Colombia1701
93%
1106Paraguay687
93%
1054Bolivia655
90%
2190Guyana1361
88%
2272Peru1412
88%
2156Suriname1340
88%
3426Ecuador2129
73%
3229Trinidad and Tobago2006
68%
2077France (Fr Guiana)1291
56%
3448Grenada2143
56%
3457Barbados2148
49%
3585St Lucia2228
49%
3486St Vincent and
the Grenadines
2166
44%
3755Dominica2333
39%
3955Antigua and Barbuda2458
37%
3824Netherlands (Bonaire)2376
12%

Score Distribution

Percentile by Number Answered

Percent of People with Each Score

Your Score History

You have not taken this quiz